000 00289nam a2200121 a 4500
008 110426s1983|||| d
245 1 0 _aCo je co?(2) Príručka pro každý den
100 1 _aReisenauer,Roman
260 _c1983
_aPraha
_bČTK
044 _aCZ
041 _acze
020 _c85
999 _c17686
_d17686